Študijný program Fakulty podnikového manažmentu Ekonomickej univerzity v Bratislave školský rok ...

Bibliographic Details
New Title:Sprievodca štúdiom na Fakulte podnikového manažmentu Ekonomickej univerzity v Bratislave
Previous Title:Študijný program Fakulty podnikového manažmentu VŠE v Bratislave
Corporate Author: Ekonomická univerzita v Bratislave. Fakulta podnikového manažmentu
Other Authors: Szabo, Ľuboslav, 1947- (Compiler), Kordošová, Elena (Compiler)
Format: Serial
Language:Slovak
PhysicalDescription:15 zv. tab. 21 cm
Published: V Bratislave Rektorát Ekonomickej univerzity 1992-2006
Bratislava Vydavateľstvo Ekonóm
ISBN:8022504319 (brož. : r. 1992/1993)
8022505358 (brož. : r. 1993/1994)
8022506222 (brož. : r. 1994/1995)
8022510378 (brož. : r. 1998/1999)
8022511552 (brož. : r. 1999/2000)
802251294X (brož. : r. 2000/2001)
8022514306 (brož. : r. 2001/2002)
8022515795 (brož. : r. 2002/2003)
8022517313 (brož. : r. 2003/2004)
8022518735 (brož. : r. 2004/2005)
8022507911 (brož. : r. 1996/1997)
8022508993 (brož. : r. 1997/1998)
802252056X (brož. : r. 2005/2006)
8022522074 (brož. : r. 2006/2007)
Subjects:

MARC

LEADER 00000cas a2200000 a 4500
001 vtls001471503
003 SK-MaSNL
005 20260425194102.0
008 190218d19922006xo ar| 0 0b0slo
015 |a SNBE1996/0201283 (r. 1993/1994)  |a SNBE1996/0201292 (r. 1996/1997)  |a SNBE1998/01-00193 (r. 1997/1998)  |a SNBE1999/01-00503 (r. 1998/1999)  |a SNBE2000/04-01522 (r. 1999/2000)  |a SNBE2002/01-00340 (r. 2000/2001)  |a SNBE2002/02-00816 (r. 2001/2002)  |a SNBB2005/02-00571 (r. 2002/2003) 
020 |a 8022504319 (brož. : r. 1992/1993) 
020 |a 8022505358 (brož. : r. 1993/1994) 
020 |a 8022506222 (brož. : r. 1994/1995) 
020 |a 8022510378 (brož. : r. 1998/1999) 
020 |a 8022511552 (brož. : r. 1999/2000) 
020 |a 802251294X (brož. : r. 2000/2001) 
020 |a 8022514306 (brož. : r. 2001/2002) 
020 |a 8022515795 (brož. : r. 2002/2003) 
020 |a 8022517313 (brož. : r. 2003/2004) 
020 |a 8022518735 (brož. : r. 2004/2005) 
020 |a 8022507911 (brož. : r. 1996/1997) 
020 |a 8022508993 (brož. : r. 1997/1998) 
020 |a 802252056X (brož. : r. 2005/2006) 
020 |a 8022522074 (brož. : r. 2006/2007) 
035 |a SNK000426806 
040 |a SNK  |b slo  |c SNK  |e AACR2 
041 0 |a slo 
043 |a e-xo--- 
044 |a xo  |c SK 
072 7 |a 378  |x Vysoké školy  |2 konspekt 
080 |a (437.611)  |2 2011 
080 |a 378.6:33  |2 2001 
080 |a (036)  |2 2011 
080 |a (073)  |2 2011 
080 |a (058)  |2 2011 
080 |a 658  |2 2011 
080 |a 050  |2 2011 
110 2 |a Ekonomická univerzita v Bratislave.  |b Fakulta podnikového manažmentu  |9 173678 
245 1 0 |a Študijný program Fakulty podnikového manažmentu Ekonomickej univerzity v Bratislave  |b školský rok ... 
246 1 3 |a Študijné programy Fakulty podnikového manažmentu ...  |f 2005/2006-2006/2007 
246 1 3 |a Študijný program Fakulty podnikového manažmentu ... 
260 |a V Bratislave  |b Rektorát Ekonomickej univerzity  |c 1992-2006 
260 3 |3 -2006  |a Bratislava  |b Vydavateľstvo Ekonóm 
300 |a 15 zv.  |b tab.  |c 21 cm 
310 |a 1x ročne 
362 0 |a 1992/1993-2006/2007 
500 |a Názov z obalu 
500 |a Súčasťou názvu je označenie akademického roku 
500 |a Zost.: ?-2006, Ľuboslav Szabo ; ?-2006, Elena Kordošová 
650 0 7 |a vysoké školy ekonomické  |2 SNKPH  |9 67405 
650 0 7 |a podnikový manažment  |2 SNKPH  |9 3483 
650 0 7 |a štúdium a výučba  |2 SNKPH  |9 3982 
650 0 7 |a Universities of economics  |2 SNKPHeng  |9 267333 
650 0 7 |a Industrial management  |2 SNKPHeng  |9 265455 
650 0 7 |a Study and teaching  |2 SNKPHeng  |9 265408 
651 7 |a Bratislava (Slovensko)  |2 SNKPHgeo  |9 14568 
651 7 |a Bratislava (Slovakia)  |2 SNKPHeng  |9 171234 
655 7 |a študijné programy  |2 SNKPH  |9 265409 
655 7 |a informačné publikácie  |2 SNKPH  |9 70181 
655 7 |a ročenky  |2 SNKPH  |9 57146 
655 7 |a Study programs  |2 SNKPHeng  |9 265536 
655 7 |a Information publications  |2 SNKPHeng  |9 265188 
655 7 |a Yearbooks  |2 SNKPHeng  |9 120938 
700 1 |a Szabo, Ľuboslav,  |d 1947-  |4 com  |9 208204 
700 1 |a Kordošová, Elena  |4 com  |9 44913 
752 |a Slovensko  |d Bratislava 
780 0 0 |t Študijný program Fakulty podnikového manažmentu VŠE v Bratislave  |w vtls001208834 
785 0 0 |t Sprievodca štúdiom na Fakulte podnikového manažmentu Ekonomickej univerzity v Bratislave  |w vtls011841528 
910 |a snk 
919 |a 80-225-0431-9 
919 |a 80-225-0535-8 
919 |a 80-225-0622-2 
919 |a 80-225-0791-1 
919 |a 80-225-0899-3 
919 |a 80-225-1037-8 
919 |a 80-225-1155-2 
919 |a 80-225-1294-X 
919 |a 80-225-1430-6 
919 |a 80-225-1579-5 
919 |a 80-225-1731-3 
919 |a 80-225-1873-5 
919 |a 80-225-2056-X 
919 |a 80-225-2207-4 
999 |c 3601  |d 5531 
952 |a SNK  |b SNK  |y NEVYP  |7 1  |p 17A0477709  |o snkČSD 781/C/2005-2006  |i snk2005/20761  |8 0  |z Vydané v r. 2005  |0 0  |1 0  |4 0  |d 2005-12-06  |l 0  |r 2026-02-21 19:30:00  |w 2026-02-21 
952 |a SNK  |b SNK  |y PREZ  |7 0  |p 17A0477710  |o snkČSD 781/C/2005-2006 D1  |i snk2005/20763  |8 0  |0 0  |1 0  |4 0  |d 2005-12-06  |l 0  |r 2026-02-21 19:30:00  |w 2026-02-21 
952 |a SNK  |b SNK  |y PREZ  |7 0  |p 17A0416071  |o snkČSD 781/C/2002-2003  |i snkPV 188/2004  |0 0  |1 0  |4 0  |d 2004-03-22  |l 0  |r 2005-01-02 00:00:00  |w 2026-02-21 
952 |a SNK  |b SNK  |y PREZ  |7 0  |p 17A0431677  |o snkČSD 781/C/2003-2004  |i snkPV 1328/2004  |0 0  |1 0  |4 0  |d 2004-09-24  |l 0  |r 2005-01-02 00:00:00  |w 2026-02-21 
952 |a SNK  |b SNK  |y PREZ  |7 0  |p 17A0431678  |o snkČSD 781/C/2003-2004 D1  |i snkPV 1329/2004  |0 0  |1 0  |4 0  |d 2004-09-24  |l 0  |r 2005-01-02 00:00:00  |w 2026-02-21 
952 |a SNK  |b SNK  |y PREZ  |7 0  |p 17A0431800  |o snkČSD 781/C/2004-2005  |i snkPV 1447/2004  |z Vydané v r. 2004  |0 0  |1 0  |4 0  |d 2004-10-25  |l 0  |r 2005-01-02 00:00:00  |w 2026-02-21 
952 |a SNK  |b SNK  |y PREZ  |7 0  |p 17A0431801  |o snkČSD 781/C/2004-2005 D1  |i snkPV 1448/2004  |0 0  |1 0  |4 0  |d 2004-10-25  |l 0  |r 2005-01-02 00:00:00  |w 2026-02-21 
952 |a SNK  |b SNK  |y PREZ  |7 0  |p 17A0502832  |o snkČSD 781/C/2006-2007  |i snk2006/19979  |8 0  |z Vydané v r. 2006  |0 0  |1 0  |4 0  |d 2006-10-05  |l 0  |r 2026-02-21 20:18:20  |w 2026-02-21 
952 |a SNK  |b SNK  |y PREZ  |7 0  |p 17A0502833  |o snkČSD 781/C/2006-2007 D1  |i snk2006/19980  |8 0  |0 0  |1 0  |4 0  |d 2006-10-05  |l 0  |r 2026-02-21 20:18:20  |w 2026-02-21 
952 |a SNK  |b SNK  |y PREZ  |7 0  |p 17A0249348  |o snkČSD 781/C/1999-2000  |i snkKSP 8778/2000  |0 0  |1 0  |4 0  |d 2000-08-25  |l 0  |r 2005-01-02 00:00:00  |w 2026-02-21 
952 |a SNK  |b SNK  |y PREZ  |7 0  |p 17A0249349  |o snkČSD 781/C/1999-2000 D1  |i snkKSP 8779/2000  |0 0  |1 0  |4 0  |d 2000-08-25  |l 0  |r 2005-01-02 00:00:00  |w 2026-02-21 
952 |t R. 1997-1998  |a SNK  |b SNK  |y NEVYP  |7 0  |o snkD 24  |i snk205/980210  |0 0  |1 0  |4 0  |d 1998-02-09  |l 0  |r 2005-01-02 00:00:00  |w 2026-02-21 
952 |a SNK  |b SNK  |y PREZ  |7 0  |p 17A0122167  |o snkČSD 781/C/1997-1998  |i snkKSP 1316/98  |0 0  |1 0  |4 0  |d 1998-02-09  |l 0  |r 2005-01-02 00:00:00  |w 2026-02-21 
952 |a SNK  |b SNK  |y PREZ  |7 0  |p 17A0298110  |o snkČSD 781/C/2000-2001  |i snkKSP 5566/2001  |0 0  |1 0  |4 0  |d 2001-04-23  |l 0  |r 2005-01-02 00:00:00  |w 2026-02-21 
952 |a SNK  |b SNK  |y PREZ  |7 0  |p 17A0298111  |o snkČSD 781/C/2000-2001 D1  |i snkKSP 5567/2001  |0 0  |1 0  |4 0  |d 2001-04-23  |l 0  |r 2005-01-02 00:00:00  |w 2026-02-21 
952 |a SNK  |b SNK  |y PREZ  |7 0  |p 17A0080875  |o snkČSD 781/C/1993-1994  |i snkD 1167/96  |8 1  |0 0  |1 0  |4 0  |d 1996-11-05  |l 0  |r 2005-01-01 00:00:00  |w 2026-02-21 
952 |a SNK  |b SNK  |y PREZ  |7 0  |p 17A0016758  |o snkČSD 781/C/1993-1994 D1  |i snkD 1168/96  |8 1  |0 0  |1 0  |4 0  |d 1996-11-05  |l 0  |r 2005-01-01 00:00:00  |w 2026-02-21 
952 |t R. 1996-1997  |a SNK  |b SNK  |y NEVYP  |7 0  |o snkC 3130  |i snk4110/961122  |0 0  |1 0  |4 0  |d 1996-11-20  |l 0  |r 2005-01-01 00:00:00  |w 2026-02-21 
952 |a SNK  |b SNK  |y PREZ  |7 0  |p 17A0080870  |o snkČSD 781/C/1996-1997  |i snkKSP 10046/96  |0 0  |1 0  |4 0  |d 1996-11-20  |l 0  |r 2005-01-01 00:00:00  |w 2026-02-21 
952 |a SNK  |b SNK  |y PREZ  |7 0  |p 17A0022274  |o snkČSD 781/C/1996-1997 D1  |i snkKSP 10047/96  |0 0  |1 0  |4 0  |d 1996-11-20  |l 0  |r 2005-01-01 00:00:00  |w 2026-02-21 
952 |a SNK  |b SNK  |y PREZ  |7 0  |p 17A0334856  |o snkČSD 781/C/2001-2002  |i snkKSP 2459/2002  |0 0  |1 0  |4 0  |d 2002-02-27  |l 0  |r 2005-01-02 00:00:00  |w 2026-02-21 
952 |a SNK  |b SNK  |y PREZ  |7 0  |p 17A0334857  |o snkČSD 781/C/2001-2002 D1  |i snkKSP 2460/2002  |0 0  |1 0  |4 0  |d 2002-02-27  |l 0  |r 2005-01-02 00:00:00  |w 2026-02-21 
952 |a SNK  |b SNK  |y PREZ  |7 0  |p 17A0211735  |o snkČSD 781/C/1998-1999  |i snkKSP 2580/99  |0 0  |1 0  |4 0  |d 1999-03-11  |l 0  |r 2005-01-02 00:00:00  |w 2026-02-21 
952 |a SNK  |b SNK  |y PREZ  |7 0  |p 17A0183898  |o snkČSD 781/C/1998-1999 D1  |i snkKSP 2581/99  |0 0  |1 0  |4 0  |d 1999-03-11  |l 0  |r 2005-01-02 00:00:00  |w 2026-02-21 
952 |a SNK  |b SNK  |y PREZ  |7 0  |p 17A0122168  |o snkČSD 781/C/1997-1998 D1  |i snkKSP 1317/98  |0 0  |1 0  |4 0  |d 1998-02-09  |l 0  |r 2005-01-02 00:00:00  |w 2026-02-21 
952 |a SNK  |b SNK  |y PREZ  |7 0  |p 17A0416072  |o snkČSD 781/C/2002-2003 D1  |i snkPV 189/2004  |0 0  |1 0  |4 0  |d 2004-03-22  |l 0  |r 2005-01-02 00:00:00  |w 2026-02-21 
952 |a SNK  |b SNK  |y PREZ  |7 0  |p 17A0828961  |o snkČSD 781/C/1992-1993  |i snkKSP 1177/93  |0 0  |1 0  |4 0  |d 2019-02-14  |l 0  |r 2026-02-21 22:28:09  |w 2026-02-21 
952 |a SNK  |b SNK  |y PREZ  |7 0  |p 17A0828968  |o snkČSD 781/C/1994-1995  |i snkKSP 9406/94  |0 0  |1 0  |4 0  |d 2019-02-14  |l 0  |r 2026-02-21 22:28:09  |w 2026-02-21